Balkan Geography A-Z - Statistics

General Stats
  • This quiz has been taken 1,251 times
  • The average score is 14 of 25
Answer Stats
Hint Answer % Correct
D Major European river, part of the Balkans' geographical border Danube
93%
A Sea to the west Adriatic Sea
92%
H Balkan country: Bosnia and ___________ Herzegovina
92%
K Partially recognised state Kosovo
90%
M Country that split from Serbia in 2006 Montenegro
90%
B Sea to the east Black Sea
89%
Z Capital city of Croatia Zagreb
89%
L Capital city of Slovenia Ljubljana
87%
Y Now broken-up former communist country Yugoslavia
86%
I Largest city Istanbul
83%
O Home of the ancient Greek gods Mount Olympus
78%
U ΝΑΤΟ bombings contaminated some areas with this metal Uranium
71%
T Greek city, largest in Macedonia Thessaloniki
61%
G Turkish peninsula, known for a WWI battle Gallipoli
50%
V Important Bulgarian port and tourist destination Varna
48%
N Biggest city in southern Serbia Nis
44%
P Greek peninsula, where Sparta and Corinth are located Peloponnese
37%
C Romanian city, largest port on B Constanta
33%
S Large tributary of D, crosses three national capitals Sava
30%
E Turkish city, Ottoman capital for nearly a century Edirne
28%
F Italian region partly inside the Balkan peninsula Friuli-Venezia Giulia
21%
X City in the above, famous for its beautiful old town Xanthi
20%
J "Strawberry" city in central Serbia Jagodina
19%
W Region in northeastern Greece Western Thrace
11%
R Highest mountain range, 6th in Europe Rila
6%
No matching quizzes found
Score Distribution
Percent of People with Each Score
Percentile by Number Answered
Your Score History
You have not taken this quiz